Friends - Qui a dit ? - Statistiques

Statistiques générales
  • Ce quiz a été pris 6 629 fois
    1 555 depuis la dernière actualisation
  • Le résultat moyen est 11 sur 15
Statistiques - réponses
Question Réponse % Correct
“OH, MON, DIEU ! (OH, MY, GOD !)” Janice
95%
“Premier mariage, ma femme cache sa sexualité : c’est pas ma faute. Le second mariage, je prononce le mauvais nom à l'autel, juste un peu ma faute. Le troisième mariage, on n’aurait jamais dû nous laisser nous marier vu comme on était saouls avec des choses écrites sur le visage: c'est la faute du Nevada.” Ross
95%
"On avait fait une pause !" Ross
93%
“Attention on pivote… Pivotez… pivotez… pivotez… PIVOTEZ !” Ross
88%
"Très bien ! Alors tu portes cette salade à la table 4 ! Et toi, tu m’apportes de l’espadon ! Et toi… tu vas chez le coiffeur ! " Monica
86%
"Si vous voulez recevoir des e-mails concernant mes prochains concerts, merci de me donner de l'argent pour que je puisse m'acheter un ordinateur. " Phoebe
85%
“Mon patron veut m’acheter mon bébé…” Rachel
80%
“Je vais me suicider avec des yaourts périmés.” Chandler
75%
“Vous n'avez pas la télé ? Mais vos meubles, ils sont tournés vers quoi ?" Joey
75%
"Au moins, on a fait un film sur mon métier ! Ça m’étonnerait qu’il y ait un film Jurassic Parka, une bande de manteaux incontrôlables qui envahissent une île." Ross
72%
"Avec ces hormones de grossesse, j'ai l'impression que je me sens, comment dire... érotiquement chargée je dirais." Rachel
65%
"Des fois j'aimerais bien être une lesbienne... Attendez, j'ai dit ça à voix haute ?" Chandler
62%
"Qui sait retirer un poussin d’un magnétoscope ?" Chandler
38%
“Ils ne savent pas qu’on sait qu’ils savent qu’on sait !" Phoebe
37%
"Quand tu chantais, on aurait cru que c'était un sac rempli de petits chatons qu'on frappait contre un mur." Monica
35%
Aucun quiz correspondant
Distribution des résultats
% des personnes avec chaque résultat
Percentile par nombre de réponses
Votre historique - résultats
Vous n’avez pas pris ce quiz depuis la dernière actualisation